000
00311nam a22001337a 4500
008
170905b xxu||||| |||| 00| 0 eng d
020
_a
9781400054565
041
_a
eng
080
_a
070
100
_a
40
101
_a
MED
245
_a
THE ONION PRESENTS EMBEDED IN AMERICA
_c
KOLB/K
942
_2
udc
_c
BK
999
_c
26209
_d
26209